| 000 | 00431 a2200169 4500 | ||
|---|---|---|---|
| 999 |
_c6613 _d6613 |
||
| 020 | _a00000 | ||
| 050 | _aPL8842 MGU 2003 | ||
| 100 | _aXaba, N. | ||
| 245 |
_aVentures Indonsakusa: _bIsindebele ugwalo 2 / _cN. Xaba and Z. Mguni |
||
| 250 | _aRevised ed. | ||
| 264 |
_aHarare: _bCollege Press; _c2003 |
||
| 300 | _a45p. ; | ||
| 500 | _aIsindebele | ||
| 650 | _aNdebele | ||
| 700 | _aMguni, Z. | ||
| 942 |
_2lcc _cBK _h8842.23 _iXAB _kPL |
||